Statistics for People Known as "The Great"

Click here to take the quiz!

General Stats

  • This quiz has been taken 21,260 times
  • The average score is 8 of 17

Answer Stats

DescriptionDied in"Great" Person% Correct
Conquered Persia323 BCAlexander the Great
95%
Empress of Russia1796Catherine the Great
81%
Russian tsar who founded a new capital1725Peter the Great
77%
Greatest of Frankish kings814Charlemagne
(aka Charles the Great)
71%
United Russia under the leadership of Moscow1505Ivan the Great
56%
First Christian Roman emperor337Constantine the Great
53%
King of Judea who appears in the Bible as a baby-killing tyrant1 BCHerod the Great
49%
Most powerful of Egyptian pharaohs, also known as Ozymandias1213 BCRamesses the Great
44%
King of Prussia for 46 years1786Frederick the Great
43%
Often called the first king of England899Alfred the Great
34%
Founded the first Persian empire530 BCCyrus the Great
34%
Byzantine emperor who reconquered Italy, built the Hagia Sophia,
and rewrote the law books
565Justinian the Great
31%
Roman triumvir whose nickname, "the great", was originally ironic48 BCPompey the Great
21%
Ruled Denmark, England, and Norway1035Cnut the Great
20%
United the Hawaiian islands1819Kamehameha the Great
20%
Presided over the rapid Westernization of Japan1912Meiji the Great
14%
Extended the Mughal empire1605Akbar the Great
11%

Score Distribution

Percentile by Number Answered

Percent of People with Each Score

Your Score History

You have not taken this quiz